Ponencias sobre la tercera edad presentadas en el VIII Seminario Nacional de Demografía
Na minha lista:
| Autor Corporativo: | |
|---|---|
| Formato: | Desconhecido |
| Publicado em: |
Heredia:
IDESPO
|
| Assuntos: | |
| Tags: |
Adicionar Tag
Sem tags, seja o primeiro a adicionar uma tag!
|
MARC
| LEADER | 00000 a2200000 04500 | ||
|---|---|---|---|
| 001 | 14243 | ||
| 003 | |||
| 008 | 991231s d | ||
| 040 | |||
| 090 | |a 022001 | ||
| 110 | |a UNA. Instituto Estudios Sociales en Población | ||
| 245 | |a Ponencias sobre la tercera edad presentadas en el VIII Seminario Nacional de Demografía | ||
| 260 | |a Heredia: |b IDESPO | ||
| 650 | |a CONDICIONES ECONOMICAS | ||
| 650 | |a CONDICIONES SOCIALES | ||
| 650 | |a ADULTOS | ||
| 999 | |c 14882 |d 14882 | ||
